Vývoj obyvateľstva Slovenskej republiky v roku 1996 s výhľadom do roku 2000

Gespeichert in:
Bibliographische Detailangaben
Format: Buch
Sprache:Slowakisch
Veröffentlicht: Bratislava Štatistický úrad Slovenskej republiky 1997
Schriftenreihe:Štatistické analýzy a informácie
Schlagworte:
Tags: Tag hinzufügen
Keine Tags, Fügen Sie das erste Tag hinzu!

MARC

LEADER 00000nam$a2200000$$$4500
001 0024361
005 20240104091612.1
041 0 |a slo 
044 |a SK 
245 1 0 |a Vývoj obyvateľstva Slovenskej republiky v roku 1996 s výhľadom do roku 2000 
264 1 |a Bratislava  |b Štatistický úrad Slovenskej republiky  |c 1997 
300 |a 35 s. 
490 1 |a Štatistické analýzy a informácie 
830 0 |a Štatistické analýzy a informácie 
610 2 0 |a tabuľky štatistické 
610 2 0 |a údaje štatistické 
610 2 0 |a obyvateľstvo 
610 2 0 |a vývoj populačný 
610 2 0 |a demografia 
610 2 0 |a prognózy 
610 2 0 |a Slovensko 
610 2 0 |a 1996-2000